Taylor Swift - Paroles My Boy Only Breaks His Favorite Toys - Statistiques

Statistiques générales
  • Ce quiz a été pris 209 fois
  • Le résultat moyen est 208 sur 252
Statistiques - réponses
Hint Réponse % Correct
he
100%
He
100%
I
100%
Couplet 1 Oh,
100%
a
99%
his
99%
my
99%
Refrain My
99%
again.
98%
again
98%
boy
98%
breaks
98%
favorite
98%
go
98%
I'm
98%
on
98%
only
98%
The
98%
the
98%
to
98%
toys
98%
we
98%
We
98%
of
97%
castles
96%
here
96%
in
96%
queen
96%
When
96%
when,
96%
when
96%
me
94%
me,
94%
sand
94%
destroys
93%
head
92%
was
91%
you
90%
first
89%
voices
89%
Pré-refrain But
88%
Cause
88%
too
88%
best
87%
saw
87%
friend
86%
got
86%
should've
86%
Should've
86%
play
85%
him
84%
seen
84%
at
83%
it
83%
just
82%
Outro Just
82%
much
80%
heart
79%
mall
79%
not
79%
say
79%
all
78%
he's
78%
loves
78%
Couplet 2 There
78%
know
77%
that
76%
tortured
75%
better
73%
off
73%
out
73%
time
73%
why
72%
fix
71%
gonna
71%
miss
71%
smile
71%
so
71%
this
71%
Told
71%
took
71%
Because
70%
box
70%
broken
70%
myself
70%
Bridge Once
70%
pretend
70%
Stole
70%
for
69%
played
69%
And
68%
Down
68%
knew
67%
reasons
67%
repeating
67%
up
67%
matter
65%
plastic
65%
back
63%
Kens
63%
Left
63%
more
63%
parts
63%
tell
63%
touch
63%
I'd
62%
smashed
62%
I'll
61%
wild
60%
known
59%
runs
59%
with
59%
felt
58%
our
58%
shelf
58%
danger
57%
doll
57%
Purchased
57%
these
57%
could've
56%
days
56%
forever
56%
army
54%
right
54%
heat
53%
night
53%
Put
53%
litany
52%
Than
48%
end
47%
Pull
46%
sickest
46%
keeps
44%
pieces
44%
string
44%
dead
43%
Called
42%
sandlot
40%
fit
38%
Puzzle
37%
rain
34%
descend
29%
Rivulets
29%
Aucun quiz correspondant
Distribution des résultats
% des personnes avec chaque résultat
Percentile par nombre de réponses
Votre historique - résultats
Vous n’avez pas pris ce quiz